zpět

Detail výsledku týmu

Forrum, Brno

Datum a čas kvízu

29 Celkem bodů Celkový počet nahraných bodů na tomto kvízu bez doplňovacích otázek.
3. Pořadí na kvízu Konečné umístění týmu na tomto kvízu.

Zaznamenané odpovědi

# Otázka Odpověď Body Výsledky
1. Do čtvrteční výstražné stávky... 0
2. Ve středu jmenoval německý pre... 1
3. Na zahájení letošního ročníku... 0
4. Americký prezident Donald Trum... 0
5. Sezona silniční cyklistiky zač... 0
6. Stephen Hawking, jehož obdivuh... 0
7. V 70. letech se Hawking začal... 0
8. Hawking se během své vědecké d... 1
9. Jaký neobvyklý dopravní prostř... 0
10. Která slavná skupina použila H... 1